Inteligentná výroba v automobilovom priemysle
Priemysel 4.0 opisuje produkciu budúcnosti. Technologické inovácie sľubujú, že budú môcť zvládnuť obrovský sortiment variantov, kratšie životné cykly a vyššiu efektivitu vo výrobe. Cieľom je vyniknúť medzi globálnymi konkurentmi. To je dôvod, prečo v dnešnom svete výrobné spoločnosti jednoducho nema...
Saved in:
| Main Author: | |
|---|---|
| Other Authors: | |
| Format: | Book Chapter |
| Language: | Slovak |
| Subjects: | |
| Tags: |
No Tags, Be the first to tag this record!
|
MARC
| LEADER | 00000naa a2200000 4500 | ||
|---|---|---|---|
| 001 | 0299721 | ||
| 005 | 20240417075308.4 | ||
| 041 | 0 | |a slo | |
| 044 | |a SK | ||
| 245 | 1 | 0 | |a Inteligentná výroba v automobilovom priemysle |c Peter Malega, Veronika Kacsenyáková |
| 520 | |a Priemysel 4.0 opisuje produkciu budúcnosti. Technologické inovácie sľubujú, že budú môcť zvládnuť obrovský sortiment variantov, kratšie životné cykly a vyššiu efektivitu vo výrobe. Cieľom je vyniknúť medzi globálnymi konkurentmi. To je dôvod, prečo v dnešnom svete výrobné spoločnosti jednoducho nemajú inú možnosť, ako sa vysporiadať s priemyslom 4.0. | ||
| 610 | 2 | 0 | |a výroba |
| 610 | 2 | 0 | |a konkurencia medzinárodná |
| 610 | 2 | 0 | |a priemysel automobilový |
| 610 | 2 | 0 | |a inovácie technologické |
| 610 | 2 | 0 | |a efektívnosť |
| 100 | 1 | |a Malega, Peter | |
| 700 | 1 | |a Kacsenyáková, Veronika | |